[Event "HUN-ch U12"]
[Site "Tapolca"]
[Date "2020.08.19"]
[Round "7"]
[White "Gergely, Daniel1111"]
[Black "Gurkovskiy, Vladyslav"]
[Result "0-1"]
[WhiteElo "1599"]
[BlackElo "1743"]
[PlyCount "60"]
[EventDate "2020.08.15"]
[EventType "swiss"]
[EventRounds "7"]
[EventCountry "HUN"]
[SourceTitle "EXT 2023"]
[Source "ChessBase"]
[SourceDate "2022.10.05"]
[SourceVersion "1"]
[SourceVersionDate "2022.10.05"]
[SourceQuality "1"]
[WhiteTeam "Hungary"]
[BlackTeam "Ukraine"]
[WhiteTeamCountry "HUN"]
[BlackTeamCountry "UKR"]

1. d4 d5 2. Bf4 Nf6 3. e3 e6 4. Nd2 Bd6 5. Bg3 c5 6. Ngf3 Nc6 7. c3 0-0 8. Bd3 b6 9. e4 dxe4 10. Nxe4 Nxe4 11. Bxe4 Bb7 12. Qa4 Rc8 13. Bxd6 Qxd6 14. dxc5 Qxc5 15. Bxh7+ Kxh7 16. Qh4+ Kg6 17. Qe4+ f5 18. Qxe6+ Rf6 19. Qb3 Re8+ 20. Kf1 Ba6+ 21. Kg1 Re2 22. Rf1 Rfe6 23. h4 Bc4 24. h5+ Kf6 25. Qd1 Rxb2 26. Qc1 Bxf1 27. Qg5+ Kf7 28. Nd4 Nxd4 29. cxd4 Qxd4 30. Qg3 Bb5 0-1

[Event "Mukachevo Christmas op U16"]
[Site "Mukachevo"]
[Date "2020.01.11"]
[Round "5"]
[White "Shevchuk, Yuriy"]
[Black "Gurkovskiy, Vladyslav"]
[Result "1-0"]
[WhiteElo "1546"]
[BlackElo "1777"]
[PlyCount "35"]
[EventDate "2020.01.09"]
[EventType "swiss"]
[EventRounds "9"]
[EventCountry "UKR"]
[SourceTitle "CBM 195 Extra"]
[Source "ChessBase"]
[SourceDate "2020.05.31"]
[SourceVersion "1"]
[SourceVersionDate "2020.05.31"]
[SourceQuality "1"]

1. d4 d5 2. e3 Nf6 3. Bd3 e6 4. Nf3 Bd6 5. 0-0 0-0 6. b3 Nbd7 7. Bb2 c5 8. Ne5 Qc7 9. f4 b6 10. Nxd7 Nxd7 11. dxc5 Bxc5 12. Bxh7+ Kxh7 13. Qh5+ Kg8 14. Bxg7 Kxg7 15. Qg5+ Kh7 16. Rf3 Bxe3+ 17. Kh1 Qxf4 18. Rh3+ 1-0